000 00456nam a22001817a 4500
003 MPLRDC
005 20220104171032.0
008 210129b ||||| |||| 00| 0 eng d
020 _a0-582-21276-6
082 _a446.5 DOU v.2
100 _aJ. F. DOUGLAS
245 _aSOLVING PROBLEMS IN FLUID MECHANCIS, VOLUME 2
_c
250 _a初版
260 _a
_bELBS
_c1986
300 _b
650 _a水能、水力机械
942 _cBK
_o446.5 DOU v.2
999 _c58246
_d58236